|
|
|
|
| LEADER |
00000nab a2200000 a 4500 |
| 001 |
vtls000410354 |
| 003 |
SK-MaSNL |
| 005 |
20260303210111.0 |
| 008 |
120925c1991 xo 0 slo |
| 015 |
|
|
|a SNBRB19rr/mm-uuuuu
|
| 035 |
|
|
|a CL0410478
|
| 040 |
|
|
|a SNKBUCL
|b slo
|c SNKBUCL
|e AACR2
|
| 041 |
0 |
|
|a slo
|
| 044 |
|
|
|a xo
|c SK
|
| 080 |
|
|
|a 82:7.097
|2 1981
|
| 080 |
|
|
|a 7.097
|2 1981
|
| 080 |
|
|
|a 820 (73)
|2 1981
|
| 100 |
1 |
|
|a -zv-
|4 aut
|9 965880
|
| 245 |
1 |
0 |
|a Po celé leto
|c -zv- ; Ladislav Pákozdy, Robert Anderson
|
| 300 |
|
|
|b Fot. 1.
|
| 600 |
1 |
7 |
|a Anderson, Robert
|2 SNKMA
|9 376811
|
| 610 |
2 |
7 |
|a Slovenská televízia
|2 snkbucl
|9 115516
|
| 651 |
|
7 |
|a 5100
|2 snkbucl
|9 166206
|
| 655 |
|
7 |
|a články z novín a časopisov
|2 snkbucl
|9 267496
|
| 655 |
|
7 |
|a články z odboru literárna veda a krásna literatúra
|2 snkbucl
|9 770045
|
| 700 |
1 |
|
|a Pákozdy, Ladislav
|4 gup
|9 6675
|
| 773 |
0 |
|
|t Eurotelevízia
|g Roč. 1, č. 11 (1991), s. 8
|
| 850 |
|
|
|a Slovenská národná knižnica v Martine
|a MTA001
|
| 852 |
|
|
|a SNK
|b KIS3GCP
|
| 958 |
|
|
|a RK
|
| 958 |
|
|
|a LX
|
| 992 |
|
|
|a RBX
|
| 999 |
|
|
|c 2198736
|d 2200666
|